00825nam a22002177a 450000500170000001000150001702000250003203500140005703700090007108200200008010000350010024500790013526000450021427000490025930000240030850000530033270000340038594200340041999900190045395201350047220250120143854.0 aENG-143458 c795.00a978818483004 aEN-126990 bDBAD a338.476 870 954 aKular , Dr Simran kaur 976767 aEmpirical intra-industry trade analyis of india /cKular , Dr Simran kaur  bArun Publishing house c2021aChandigarh aSCO 49-51, sector 17 c, bChandigarhe160017 a115 p.c24 cm (pbk) aEmpirical intra-industry trade analyis of india  a Dr Simran kaur Kular 976737 2ddccENh338.476 870 954mKul c208609d208609 001040708NFICaLbLd2025-01-20eDBADg795.00l0o338.476870 954 KULpEN-126990r2025-01-20 00:00:00t1v795.00w2025-01-20yEN